LEADER 00953cam0-22003251i-450- 001 990004308590403321 005 20080311144743.0 010 $a0-19-281691-8 035 $a000430859 035 $aFED01000430859 035 $a(Aleph)000430859FED01 035 $a000430859 100 $a19990604d1988----km-y0itay50------ba 101 0 $aeng 102 $aGB 105 $ay-------001yy 200 1 $aMetamorphoses$fOvid$gtranslated by A.D.Melville$gwith an introduction and notes by E.J.Kenney 210 $aOxford ; New York$cOxford University press$d1988 215 $aXXXVII, 480 p.$d18 cm 610 0 $aMitologia classica$aOvidio$aMetamorfosi 676 $a873 702 1$aKenney,$bEdward John 702 1$aMelville,$bA. 801 0$aIT$bUNINA$gRICA$2UNIMARC 901 $aBK 912 $a990004308590403321 952 $aP2B-650-OVIDIUS-407E-1986$bBibl..7816$fFLFBC 959 $aFLFBC 996 $aMetamorphoses$9488643 997 $aUNINA LEADER 00964nam a22002531i 4500 001 991003628349707536 005 20030912101318.0 008 031111s1971 fr |||||||||||||||||fre 035 $ab12452695-39ule_inst 035 $aARCHE-048598$9ExL 040 $aDip.to Lingue$bita$cA.t.i. Arché s.c.r.l. Pandora Sicilia s.r.l. 082 04$a841 100 1 $aVoiture, Vincent$0157656 245 10$aPoesies /$cVincent Voiture ; édition critique par Henri Lafay 260 $aParis :$bDidier,$c1971 300 $a2 v. ;$c19 cm 700 1 $aLafay, Henri 907 $a.b12452695$b02-04-14$c13-11-03 912 $a991003628349707536 945 $aLE012 F 873$cV. 1$g1$i2012000165069$lle012$o-$pE0.00$q-$rl$s- $t0$u0$v0$w0$x0$y.i1288070x$z13-11-03 945 $aLE012 F 874$cV. 2$g1$i2012000165076$lle012$o-$pE0.00$q-$rl$s- $t0$u0$v0$w0$x0$y.i12880711$z13-11-03 996 $aPoesies$9180440 997 $aUNISALENTO 998 $ale012$b13-11-03$cm$da $e-$ffre$gfr $h0$i2